Score 0/48 Timer 05:00
0 Plays Today
Hint 4-Letter Word % Correct
Penn, Connery, or AstinSEAN
94.6%
DaybreakDAWN
93.1%
To have stitchedSEWN
92.8%
Female spouseWIFE
92.2%
5,280 feet MILE
91%
♫ Tunnel of ____, 1980 ♫ LOVE
90.8%
Roadrunner's foe: ___ E. CoyoteWILE
90.8%
One with XY chromosomesMALE
90.2%
US ten-cent pieceDIME
90.2%
Least spicy salsa optionMILD
90.1%
♫ ____ to the Waterline, 1978 ♫ DOWN
89.6%
To have spread seedSOWN
88.9%
Hay unitBALE
88.8%
Oolong, Earl Grey, and chamomile TEAS
88.8%
Golf ball holdersTEES
88.7%
♫ Walk of ____, 1985 ♫ LIFE
88.5%
Graceful, white waterbirdSWAN
87.9%
Lowers the lightsDIMS
87.7%
Condemn to eternal punishmentDAMN
87%
♫ ____ West End, 1978 ♫ WILD
86.9%
Rend, ripTEAR
86.6%
♫ THE BAND: ____ Straits ♫ DIRE
86.4%
Half-circle roofDOME
86.1%
♫ Brothers in ____, 1985 ♫ ARMS
85.7%
Hint 4-Letter Word % Correct
Fill a truck bayLOAD
85.2%
Matriarch, dowagerDAME
84.4%
Raise a childREAR
83.8%
Jet engine soundROAR
83.2%
Readies a gun for firingAIMS
83.1%
♫ ____bound Train, 1977 ♫ EAST
83%
Former Italian currency (plural)LIRE
82.6%
'Very' in ParisTRÈS
82.1%
Foundation, support, bottom layerBASE
82.1%
Master, deityLORD
82.1%
Greek god of warARES
81.9%
♫ Follow Me ____, 1979 ♫ HOME
81.8%
Absence of difficulty or effortEASE
81.4%
Traditional knowledge or beliefLORE
80.9%
Undulate back and forthSWAY
79.8%
♫ Telegraph ____, 1982 ♫ ROAD
78.8%
♫ So Far ____, 1985 ♫ AWAY
77.2%
To have pulled with great effortHOVE
75.5%
Preceded by all othersLAST
73.7%
Rich vein of metal ore LODE
59.4%
Milky prefixLACT-
57.5%
Place cargo in ship's holdLADE
50.4%
Trimmed with fine, open fabricLACY
49.5%
♫ ____ Writer, 1979 ♫ LADY
45.5%

Today's Daily Dose

You're not logged in!

Compare scores with friends on all Sporcle quizzes.
OR
Log In

Sporcle TV

Today on Sporcle TV


Watch our educational content, quiz creation guides, and fun videos on Sporcle TV.

Show Comments

Extras

Top Quizzes Today


Score Distribution

Your Account Isn't Verified!

In order to create a playlist on Sporcle, you need to verify the email address you used during registration. Go to your Sporcle Settings to finish the process.

Report this User

Report this user for behavior that violates our Community Guidelines.

Details: